[Event "IV Jugando con las Estrellas 2019"]
[Site "Santa Cruz de la Palma"]
[Date "2019.08.15"]
[Round "9.8"]
[White "Cubas Cabrera, Angel Luis"]
[Black "Del Rey, Diego"]
[Result "0-1"]
[WhiteElo "2167"]
[BlackElo "2374"]
[Annotator "TA"]
[PlyCount "80"]
[EventDate "2019.08.09"]
[EventType "swiss"]
[EventCountry "ESP"]
[SourceTitle "playchess.com"]
[Source "ChessBase"]
[SourceQuality "1"]

{[%evp 11,80,55,64,39,52,49,72,32,26,30,29,22,22,22,37,29,56,42,39,47,63,51,56,45,89,0,0,0,0,0,-6,-26,-28,-14,-39,-30,-16,-260,-237,-310,-294,-301,-294,-278,-117,-215,-231,-269,-269,-269,-268,-261,-262,-262,-262,-312,-304,-296,-296,-294,-294,-294,-294,-289,-285,-331,-346,-397,-347,-316,-286]} 1. d4 Nf6 2. Nf3 c5 3. d5 e6 4. c4 exd5 5. cxd5 Bd6 6. Nc3 O-O 7. e3 {A60: Modern Benoni: Early Divergences} (7. Bg5 h6 8. Bh4 Bc7 9. e3 d6 10. Be2 Nbd7 11. O-O Re8 12. Nd2 a6 13. a4 Nf8 14. h3 Ng6 15. Bg3 {½-½ (41) Wojtaszek,R (2744)-Ivanchuk,V (2704) Beijing 2014}) 7... a6 8. a4 Re8 9. Bd3 {White is better.} Bc7 10. O-O d6 11. h3 Ba5 12. Re1 Nbd7 {[%cal Bb8d7,Bd7f8,Bf8g6][%mdl 32]} 13. e4 Nf8 $146 ({Predecessor:} 13... h6 14. Bf4 Bc7 {½-½ (77) Stanoev,A (2198)-Milchev,N (2356) Ourense 2008}) 14. Bf4 Ng6 15. Bh2 Nh5 16. e5 dxe5 17. Nxe5 Nf6 18. Nxg6 (18. Qb3 $16) 18... Rxe1+ $11 19. Qxe1 hxg6 20. Bc4 Bd7 21. Qd1 Qb6 22. Qb3 Qxb3 23. Bxb3 Re8 24. Bf4 $2 {[#]} (24. d6 $11 {and White stays safe.}) 24... c4 $1 $19 {[%mdl 512]} 25. Ba2 (25. Bxc4 Bxc3) 25... Bxc3 26. bxc3 Nxd5 27. Bd2 b5 (27... Bxa4 28. Bxc4 Bc6 29. Bb3 $15) (27... Re2 $19 28. Be1 b5 29. axb5 Bxb5) 28. axb5 (28. Kf1 $17 {was necessary.}) 28... axb5 ({Weaker is} 28... Bxb5 29. Bb1 $15) 29. Re1 Rxe1+ 30. Bxe1 {[%mdl 4096] Endgame [#] KBB-KBN} Bf5 $1 31. Bd2 Bd3 32. f3 {[#]} g5 $1 {[%mdl 512]} 33. g3 (33. Bxg5 Nxc3) 33... f6 34. Kf2 Kf7 35. Ke1 Bc2 36. Ke2 Ke6 37. Be1 Bd3+ 38. Kd2 f5 39. Kc1 f4 40. gxf4 Nxf4 {Accuracy: White = 47%, Black = 69%.} ({Not} 40... gxf4 41. Bb1 $17) 0-1

[Event "IV Jugando con las Estrellas 2019"]
[Site "Santa Cruz de la Palma"]
[Date "2019.08.15"]
[Round "9.9"]
[White "Bressac, Stephane"]
[Black "Capote Robayna, Nathaniel"]
[Result "0-1"]
[WhiteElo "2345"]
[BlackElo "2200"]
[Annotator "RC"]
[PlyCount "86"]
[EventDate "2019.08.09"]
[EventType "swiss"]
[EventCountry "ESP"]
[SourceTitle "playchess.com"]
[Source "ChessBase"]
[SourceQuality "1"]
[TimeControl "5400+30"]

1. e4 {[%emt 0:00:00]} c5 {[%emt 0:00:00]} 2. Nf3 {[%emt 0:00:00]} Nc6 {[%emt 0:00:00]} 3. Bb5 {[%emt 0:00:00]} e6 {[%emt 0:00:00]} 4. O-O {[%emt 0:00:37]} Nge7 {[%emt 0:00:08]} 5. d4 {[%emt 0:00:05]} cxd4 {[%emt 0:00:29]} 6. Nxd4 {[%emt 0:00:08]} Ng6 {[%emt 0:01:07]} 7. Be3 {[%emt 0:00:07]} Be7 {[%emt 0:00:06]} 8. Be2 {[%emt 0:00:14]} O-O {[%emt 0:00:09]} 9. c4 {[%emt 0:00:09]} b6 {[%emt 0:00:30]} 10. Nc3 {[%emt 0:00:08]} Bb7 {[%emt 0:00:06]} 11. Nb3 {[%emt 0:00:19]} f5 {[%emt 0:04:48]} 12. exf5 {[%emt 0:00:09]} Rxf5 {[%emt 0:00:07]} 13. f4 {[%emt 0:00:03]} Rf8 {[%emt 0:05:54]} 14. g3 {[%emt 0:00:18]} Nb4 {[%emt 0:10:24]} 15. Qd2 {[%emt 0:00:16]} Qc8 {[%emt 0:01:00]} 16. Rad1 {[%emt 0:03:31]} Rd8 {[%emt 0:02:11]} 17. a3 {[%emt 0:02:06]} Na6 {[%emt 0:03:44]} 18. Nd4 {[%emt 0:04:06]} Bf6 {[%emt 0:15:57]} 19. b4 {[%emt 0:08:55]} Ne7 {[%emt 0:06:05]} 20. Rc1 {[%emt 0:03:15]} Nc7 {[%emt 0:13:59]} 21. Bg4 {[%emt 0:02:05]} Ne8 {[%emt 0:02:57]} 22. Qe2 {[%emt 0:07:57]} Nd6 {[%emt 0:02:55]} 23. Ncb5 {[%emt 0:15:05]} Nxb5 24. Nxb5 Nf5 {[%emt 0:04:34]} 25. Bxf5 {[%emt 0:15:10]} exf5 {[%emt 0:00:46]} 26. Nd6 {[%emt 0:00:05]} Qc6 {[%emt 0:00:08]} 27. Nxb7 {[%emt 0:00:06]} Qxb7 {[%emt 0:00:06]} 28. Qd3 {[%emt 0:00:04]} d5 {[%emt 0:05:37]} 29. Qxf5 {[%emt 0:03:36]} d4 {[%emt 0:03:02]} 30. Bf2 {[%emt 0:00:51]} Qf3 {[%emt 0:00:08]} 31. c5 {[%emt 0:02:18]} bxc5 {[%emt 0:00:39]} 32. bxc5 {[%emt 0:00:02]} Rac8 {[%emt 0:00:53]} 33. c6 {[%emt 0:02:29]} Rxc6 {[%emt 0:02:26]} 34. Rb1 {[%emt 0:03:49]} Qxa3 {[%emt 0:04:31]} 35. Rb7 {[%emt 0:00:01]} Qd6 {[%emt 0:00:18]} 36. Re1 {[%emt 0:04:53]} d3 {[%emt 0:02:31]} 37. Qh5 {[%emt 0:00:02]} Rcc8 {[%emt 0:02:18]} 38. Qf7+ {[%emt 0:11:05]} Kh8 {[%emt 0:00:08]} 39. Re6 {[%emt 0:00:01]} d2 {[%emt 0:04:23]} 40. Rxd6 {[%emt 0:00:27]} Rxd6 {[%emt 0:00:08]} 41. Rb1 {[%emt 0:00:11]} Rc1+ {[%emt 0:00:47]} 42. Kg2 {[%emt 0:00:04]} Rd8 {[%emt 0:00:21]} 43. Qd7 {[%emt 0:03:43]} Rxd7 {[%emt 0:01:08]} 0-1

[Event "IV Jugando con las Estrellas 2019"]
[Site "Santa Cruz de la Palma"]
[Date "2019.08.16"]
[Round "10.1"]
[White "Kolosowski, Mateusz"]
[Black "Pile, Richard"]
[Result "1/2-1/2"]
[WhiteElo "2458"]
[BlackElo "2416"]
[Annotator "TA"]
[PlyCount "25"]
[EventDate "2019.08.09"]
[EventType "swiss"]
[EventCountry "ESP"]
[SourceTitle "playchess.com"]
[Source "ChessBase"]
[SourceQuality "1"]

{[%evp 13,25,48,49,49,56,5,22,8,9,0,0,1,1,3]} 1. e4 e5 2. Nf3 Nc6 3. d4 d6 4. dxe5 Nxe5 5. Nxe5 dxe5 6. Qxd8+ Kxd8 7. Bc4 Ke8 8. Be3 {C41: Philidor Defence} Nf6 9. Nd2 (9. f3 $14) 9... Ng4 $146 {The position is equal.} ({Predecessor:} 9... Bd6 10. f3 h6 11. O-O-O Ke7 12. Bb3 Rd8 13. Nc4 Be6 14. Nxd6 cxd6 15. Bxe6 Kxe6 {1-0 (54) Francis,O (1803)-Kalayakgosi,K (1416) Johannesburg 2016}) 10. Bg5 Be7 11. Nf3 Bxg5 12. Nxg5 Nh6 13. Nf3 1/2-1/2

[Event "IV Jugando con las Estrellas 2019"]
[Site "Santa Cruz de la Palma"]
[Date "2019.08.16"]
[Round "10.2"]
[White "Alonso Bouza, Julio Javier"]
[Black "Lemos, Damian"]
[Result "1/2-1/2"]
[WhiteElo "2393"]
[BlackElo "2487"]
[Annotator "TA"]
[PlyCount "25"]
[EventDate "2019.08.09"]
[EventType "swiss"]
[EventCountry "ESP"]
[SourceTitle "playchess.com"]
[Source "ChessBase"]
[SourceQuality "1"]

{[%evp 24,25,26,0]} 1. e4 e5 2. Nf3 Nc6 3. Bb5 a6 4. Ba4 Nf6 5. O-O Be7 6. Re1 b5 7. Bb3 d6 8. c3 O-O 9. h3 Re8 $146 ({Predecessor:} 9... Bb7 10. d4 Re8 11. Ng5 Rf8 12. Nf3 Re8 13. Nbd2 Bf8 14. a3 g6 15. Ba2 Bg7 16. b4 exd4 17. cxd4 a5 18. Rb1 axb4 19. d5 Ne5 20. Nxe5 dxe5 21. Rxb4 c6 22. dxc6 Bxc6 23. Qf3 Bf8 24. Rb1 {1-0 (33) Topalov,V (2740)-Mamedyarov,S (2790) Shamkir 2019}) 10. Ng5 Rf8 11. Nf3 Re8 12. Ng5 Rf8 13. Nf3 1/2-1/2

[Event "IV Jugando con las Estrellas 2019"]
[Site "Santa Cruz de la Palma"]
[Date "2019.08.16"]
[Round "10.3"]
[White "Kurajica, Bojan"]
[Black "Barbot, Pierre"]
[Result "1/2-1/2"]
[WhiteElo "2494"]
[BlackElo "2441"]
[Annotator "TA"]
[PlyCount "37"]
[EventDate "2019.08.09"]
[EventType "swiss"]
[EventCountry "ESP"]
[SourceTitle "playchess.com"]
[Source "ChessBase"]
[SourceQuality "1"]

{[%evp 15,37,-11,0,0,0,0,0,0,0,0,0,-14,0,-9,0,0,13,0,20,-6,0,0,0,-41]} 1. Nf3 Nf6 2. c4 e6 3. g3 d5 4. Bg2 dxc4 5. Qa4+ Nbd7 6. Qxc4 a6 7. Qc2 c5 8. O-O b6 {The position is equal.} 9. b3 {A13: English Opening: 1...e6} (9. d4 Bb7 10. Nc3 cxd4 11. Nxd4 Bxg2 12. Kxg2 Bc5 13. Rd1 Qc8 14. e4 O-O 15. Qe2 Qb7 16. f3 Ne5 17. Bf4 {0-1 (40) Matlakov,M (2700)-Duda,J (2738) St Petersburg 2018}) 9... Bb7 10. Bb2 Rc8 11. d3 Be7 12. Nbd2 {[%cal Bb1d2,Bd2c4,Bc4e5][%mdl 32]} O-O 13. a3 Qc7 14. Rac1 Qb8 15. Qb1 Rfe8 $146 ({Predecessor:} 15... Rfd8 16. Qa1 Ne8 {½-½ (25) Buhmann,R (2582)-Riff,J (2493) Vienna 2011}) 16. Qa1 Bf8 17. Nc4 b5 18. Nce5 Qa8 19. Rc2 {Accuracy: White = 53%, Black = 47%.} 1/2-1/2

[Event "IV Jugando con las Estrellas 2019"]
[Site "Santa Cruz de la Palma"]
[Date "2019.08.16"]
[Round "10.4"]
[White "Minzer, Claudio Javier"]
[Black "Del Rey, Diego"]
[Result "1/2-1/2"]
[WhiteElo "2448"]
[BlackElo "2374"]
[Annotator "TA"]
[PlyCount "51"]
[EventDate "2019.08.09"]
[EventType "swiss"]
[EventCountry "ESP"]
[SourceTitle "playchess.com"]
[Source "ChessBase"]
[SourceQuality "1"]

{[%evp 15,16,0,4]} 1. Nf3 d6 2. d4 Nf6 3. c4 g6 4. Nc3 Bg7 5. e4 O-O 6. Be2 e5 7. dxe5 dxe5 8. Qxd8 Rxd8 {Predecessor:} 9. Bg5 $146 Na6 10. Nd5 Rd6 11. Nxf6+ Bxf6 12. Bxf6 Rxf6 13. Nxe5 Re6 14. f4 Nc5 15. O-O-O Re8 16. Bf3 f6 17. Nd3 Nxe4 18. Rhe1 Nd6 19. c5 Rxe1 20. Rxe1 Nf5 21. Re8+ Kf7 22. Rh8 Kg7 23. Rd8 c6 24. Bg4 Ne7 25. Be6 b5 26. Re8 {1-0 (26) So,W (2765)-Nyzhnyk,I (2624) chess.com INT 2019} 1/2-1/2

[Event "IV Jugando con las Estrellas 2019"]
[Site "Santa Cruz de la Palma"]
[Date "2019.08.16"]
[Round "10.5"]
[White "Capote Robayna, Nathaniel"]
[Black "Pap, Misa"]
[Result "0-1"]
[WhiteElo "2200"]
[BlackElo "2454"]
[Annotator "TA"]
[PlyCount "54"]
[EventDate "2019.08.09"]
[EventType "swiss"]
[EventCountry "ESP"]
[SourceTitle "playchess.com"]
[Source "ChessBase"]
[SourceQuality "1"]

{[%evp 20,96,36,20,27,24,20,28,36,36,29,19,24,-7,-9,-55,-74,-71,-54,-68,-20,-100,-27,-44,-60,-45,-52,-70,-39,-129,-124,-124,-127,-139,-144,-143,-148,-162,-151,-159,-158,-148,-156,-170,-143,-230,-235,-322,-322,-321,-319,-312,-304,-306,-264,-304,-283,-242,-229,-221,-200,-672,-264,-656,-362,-745,-661,-768,-402,-712,-376,-575,-517,-2470,-1856,-1731,-1780,-29976,-29977]} 1. e4 e5 2. Nf3 Nc6 3. Bb5 a6 4. Ba4 Nf6 5. O-O Be7 6. Re1 b5 7. Bb3 d6 8. c3 O-O 9. h3 Bb7 10. d4 Nd7 11. Nbd2 exd4 {C92: Closed Ruy Lopez: 9...Be6, Karpov and Flohr-Zaitsev Variations} 12. cxd4 Bf6 13. Nf1 Na5 {White has an edge.} 14. Bc2 Re8 15. Ng3 (15. Ne3 Bxe4 16. Bd2 Bxc2 17. Qxc2 Nc4 18. Nxc4 Rxe1+ 19. Rxe1 bxc4 20. Qxc4 {½-½ (60) Shankland,S (2671)-Bu,X (2725) Liaocheng 2018}) 15... g6 $1 16. Bf4 c5 17. Bxd6 cxd4 18. Bf4 Rc8 $146 ({Predecessor:} 18... Qb6 19. e5 {½-½ (69) Nielsen,V (2247)-Haubro,M (2338) Taastrup 2018}) 19. Rc1 Qb6 (19... d3 $5 20. Bxd3 Nc5 $15) 20. Ne2 {[#]} (20. Bb1 $11 {keeps the balance.}) 20... Nc6 (20... Nc4 $1 $17 {[%cal Rc4b2]} 21. b3 Nb2) 21. Qd2 Nde5 22. Nxe5 Nxe5 23. Bxe5 Bxe5 24. Nf4 (24. Bd3 $15) 24... Qd6 $17 25. g3 Bxf4 26. Qxf4 Qxf4 27. gxf4 {[#]} Rc6 {Played: Bb7xe4} 0-1

[Event "IV Jugando con las Estrellas 2019"]
[Site "Santa Cruz de la Palma"]
[Date "2019.08.16"]
[Round "10.6"]
[White "Pakleza, Zbigniew"]
[Black "Martin Hernandez, Ruben"]
[Result "1-0"]
[WhiteElo "2499"]
[BlackElo "2184"]
[Annotator "TA"]
[PlyCount "65"]
[EventDate "2019.08.09"]
[EventType "swiss"]
[EventCountry "ESP"]
[SourceTitle "playchess.com"]
[Source "ChessBase"]
[SourceQuality "1"]

{[%evp 9,65,-50,-51,-61,-29,-51,-40,-55,-47,-56,-40,-51,-51,-47,-45,-56,-34,-70,-37,-62,-50,-66,-72,-119,-115,-116,-115,-122,-122,-120,-116,-129,-72,-72,-60,-79,-39,-33,-34,-42,-32,-53,-51,-41,-25,-56,27,16,64,64,64,66,66,65,152,11,744,723]} 1. e4 c5 2. c3 d5 3. d3 Nc6 4. Be2 Nf6 5. Qc2 (5. Nd2 e5 6. Ngf3 Be7 7. O-O O-O 8. a3 d4 9. cxd4 cxd4 10. b4 b5 11. Nb3 Nd7 12. Bd2 Bb7 13. Rc1 a5 14. Nxa5 Nxa5 15. bxa5 Bxa3 {0-1 (40) Aleksandrov,A (2574)-Leko,P (2693) Doha 2016}) 5... e5 6. Bg5 {B22: Sicilian: 2 c3} Be7 7. Nf3 O-O 8. Nbd2 {Black is slightly better.} Be6 9. O-O h6 10. Bxf6 Bxf6 11. a3 Rc8 12. Rab1 $146 ({Predecessor:} 12. Rfd1 Qd7 13. Rac1 {0-1 (38) Haley,P-Alipayo,R Toronto 1993}) 12... b5 {[%cal Bb7b5,Bb5b4][%mdl 32]} 13. Rfc1 Qb6 14. Qd1 d4 15. c4 b4 16. a4 g6 17. g3 Be7 18. Bf1 Qc7 19. Bg2 Kh7 20. Qf1 Rce8 (20... g5 $142 21. Nb3 Kg7) 21. Bh3 $17 f5 22. Re1 Bd6 23. exf5 gxf5 24. Nh4 Re7 25. Re2 Bc8 26. Rbe1 Rg7 27. Bg2 e4 (27... Bd7 $15) 28. dxe4 $11 f4 {[#] Strongly threatening ...d3.} 29. e5 $1 {[%mdl 512]} Nxe5 {[#]} 30. Rxe5 $1 {[%mdl 512]} Bxe5 31. Qd3+ Kg8 {[#]} (31... Kh8 $1 $14) 32. Bd5+ ({White must play} 32. Ng6 $1 $16 Rxg6 33. Qxg6+ {[%mdl 64] Double Attack} Qg7 34. Qc6) 32... Rff7 $2 {[%mdl 8192]} (32... Kh8 $11) 33. Ndf3 {Accuracy: White = 45%, Black = 27%.} 1-0

[Event "IV Jugando con las Estrellas 2019"]
[Site "Santa Cruz de la Palma"]
[Date "2019.08.16"]
[Round "10.7"]
[White "Garcia Padron, Jose"]
[Black "Ramiro Ovejero, Juan Luis"]
[Result "0-1"]
[WhiteElo "2415"]
[BlackElo "2347"]
[Annotator "TA"]
[PlyCount "48"]
[EventDate "2019.08.09"]
[EventType "swiss"]
[EventCountry "ESP"]
[SourceTitle "playchess.com"]
[Source "ChessBase"]
[SourceQuality "1"]

{[%evp 16,97,8,0,8,16,4,0,0,0,6,0,17,20,14,6,27,14,7,0,14,7,28,22,26,-195,-199,-195,-196,-186,-183,-193,-177,-183,-173,-237,-226,-285,-285,-280,-282,-337,-330,-318,-311,-307,-281,-380,-281,-800,-799,-607,-281,-281,-281,-281,-281,-281,-281,-281,-281,-281,-281,-618,-618,-618,-533,-461,-461,-920,-785,-1456,-1456,-1369,-1118,-1131,-868,-1051,-945,-945,-930,-29979,-692,-640]} 1. e4 e6 2. d4 d5 3. exd5 exd5 4. Nf3 Bd6 5. c4 dxc4 6. Bxc4 Nf6 7. O-O O-O 8. Nc3 Nc6 9. Bg5 h6 {D20: Queen's Gambit Accepted: 3 e3 and 3 e4} 10. Bh4 Bg4 11. h3 Bxf3 $1 {The position is equal.} 12. Qxf3 Nxd4 13. Qxb7 Nf5 14. Bxf6 $1 Qxf6 {[#]} 15. Qd5 $146 ({Predecessor:} 15. Ne4 Qe5 16. Nxd6 Nxd6 17. Qc6 Qxb2 {0-1 (69) Ramirez Alvarez,A (2550)-Nyzhnyk,I (2610) Saint Louis 2017}) 15... Ne7 {[%cal Bf5e7,Be7g6,Bg6f4][%mdl 32]} 16. Qe4 Ng6 17. Rfe1 Rab8 18. Bb3 Qg5 19. Rad1 Kh8 20. Rd5 $2 (20. g3 $11 {and White is okay.}) 20... f5 $19 {...c6 is the strong threat.} 21. Qd3 {[#]} ({Don't go for} 21. Qf3 $2 Nh4 $19) 21... Nf4 $1 {[%csl Gf4][%cal Rg5g2][%mdl 576] Double Attack} 22. Qf3 Nxd5 $40 {[%mdl 128] Black is out for blood.} 23. Nxd5 Rbe8 {[%cal Re8e1]} 24. Rd1 {[#]} c6 {Played: Qg5-d2} 0-1

[Event "IV Jugando con las Estrellas 2019"]
[Site "Santa Cruz de la Palma"]
[Date "2019.08.16"]
[Round "10.8"]
[White "Alvarado Diaz, Alejandro"]
[Black "Roeder, Matthias"]
[Result "1-0"]
[WhiteElo "2391"]
[BlackElo "2380"]
[Annotator "TA"]
[PlyCount "31"]
[EventDate "2019.08.09"]
[EventType "swiss"]
[EventCountry "ESP"]
[SourceTitle "playchess.com"]
[Source "ChessBase"]
[SourceQuality "1"]

{[%evp 9,31,19,9,-10,-5,-15,-17,-27,35,33,25,0,51,20,50,56,46,40,23,44,182,190,302,293]} 1. e4 c5 2. Nc3 d6 3. f4 g6 4. Nf3 Bg7 5. Bb5+ Bd7 6. Bc4 {B23: Closed Sicilian: Lines without g3} Nc6 7. O-O e6 8. d3 {The position is equal.} (8. f5 Ne5 9. fxe6 fxe6 10. d3 Qe7 11. Bg5 Nf6 12. Nxe5 dxe5 13. Qf3 O-O 14. Qh3 Qd6 {1-0 (61) Adhiban,B (2673)-Nguyen,N (2666) Hamedan 2018}) 8... Na5 ({Black should play} 8... Nge7 $11) 9. f5 $146 ({Predecessor:} 9. Qe1 Ne7 10. a4 O-O 11. Ba2 Nac6 12. f5 exf5 13. Qh4 Be8 14. Bh6 Qd7 15. Ng5 Bf6 16. Bxf8 Bxg5 17. Qxg5 Kxf8 18. Qh6+ Kg8 19. Rf4 fxe4 20. Nxe4 Na5 {1-0 (20) Mitkov,N (2477)-Reyes Najera,C (2124) Guatemala City 2019}) 9... Nf6 $1 10. fxe6 fxe6 ({Better is} 10... Bxe6 $11 11. Bxe6 fxe6) 11. Ng5 Qe7 12. e5 $1 $36 {[%cal Re5f6][%mdl 2048] White has good play.} dxe5 13. Nge4 $1 {[%cal Re4f6] Nxf6+ is the strong threat.} O-O $1 14. Bg5 Rf7 ({Black should try} 14... h6 $14 15. Nxf6+ Bxf6 16. Bxh6 Bg7 17. Bxg7 Kxg7) 15. Nxf6+ $18 Bxf6 (15... Rxf6 {was called for.} 16. Bxf6 Bxf6) 16. Rxf6 {Accuracy: White = 56%, Black = 44%.} 1-0

[Event "IV Jugando con las Estrellas 2019"]
[Site "Santa Cruz de la Palma"]
[Date "2019.08.16"]
[Round "10.9"]
[White "Ramirez Medina, Victor"]
[Black "Ambartsumova, Karina"]
[Result "1/2-1/2"]
[WhiteElo "2270"]
[BlackElo "2359"]
[Annotator "TA"]
[PlyCount "37"]
[EventDate "2019.08.09"]
[EventType "swiss"]
[EventCountry "ESP"]
[SourceTitle "playchess.com"]
[Source "ChessBase"]
[SourceQuality "1"]

{[%evp 13,14,42,62]} 1. Nf3 Nf6 2. c4 g6 3. d4 Bg7 4. g3 O-O 5. Bg2 d6 6. O-O Nc6 7. Nc3 e5 {Predecessor:} 8. dxe5 $146 dxe5 9. Bg5 Be6 10. Qa4 Qb8 11. Bxf6 Bxf6 12. Nd2 Bg7 13. Rfd1 Rd8 14. Nb3 Nd4 15. Nc5 c6 16. e3 Bg4 17. exd4 exd4 18. N3e4 Bxd1 19. Rxd1 {1-0 (32) Carlsen,M (2835)-Firouzja,A (2607) St Petersburg 2018} 1/2-1/2